000 00449nam a22001697a 4500
005 20251108171811.0
008 250721s1984 xx 000 0 ara d
082 1 4 _a400/عبد
100 1 _aشاهين، عبد الصبور
245 1 0 _aفي علم اللغة العام /
250 _aط4
264 1 _aبيروت :
_bمؤسسة الرسالة،
_c1984.
300 _a288ص
650 1 7 _aاللغات
942 _2ddc
_cBK
999 _c62866
_d62866